| 000 | 00446nam a2200169 a 4500 | ||
|---|---|---|---|
| 005 | 20140310183320.0 | ||
| 008 | 060303s19uu xx 00 eng d | ||
| 020 | _a0345386302 | ||
| 050 |
_aPS 3561.A7778 _b.K19 1996 |
||
| 100 | _aKatzenbach, John | ||
| 245 |
_aThe shadow man / _cJohn Katzenbach. |
||
| 260 |
_aNew York : _bBallantine Books, _c1996. |
||
| 300 |
_a437 p. : _c18 cm. |
||
| 650 | _aFiction | ||
| 942 |
_cBK _2lcc |
||
| 999 |
_c21385 _d21385 |
||